| 000 | 00431nam a2200157Ia 4500 | ||
|---|---|---|---|
| 003 | 0STCL | ||
| 008 | 150530s9999 xx 000 0 und d | ||
| 040 |
_aSTCL _cSTCL |
||
| 100 | _aSrinivasa Rao, H. | ||
| 245 | _aAnatomical and taxonomic studies of some Indian fresh water and amphibious gastropods | ||
| 260 |
_bGovernment of Madras _c1926 |
||
| 546 | _aEnglish | ||
| 942 |
_2ddc _cBK |
||
| 999 |
_c39348 _d39348 |
||
| 005 | 20220125170457.0 | ||